[Event "AUTO-BEG-339"]
[Site "http://www.queenalice.com/game.php?id=649438"]
[Date "2009.9.8"]
[Round "1"]
[White "fagmontes"]
[Black "kleberchagas"]
[Result "0-1"]
[WhiteElo "1488"]
[BlackElo "1254"]

1. d4 Nc6 2. c4 e5 3. d5 Nd4 4. e4 Qf6 5. Be3 Bc5 6. Ne2 d6 7. Nxd4 exd4 8. Bf4
Qxf4 9. Bd3 Nh6 10. Nd2 Ng4 11. Nf3 Bb4+ 12. Kf1 a5 13. a3 Bc5 14. g3 Qh6 15. h3
Nf6 16. Qd2 Bxh3+ 17. Ke2 Qxd2+ 18. Nxd2 Bg2 19. Rhg1 Bh3 20. Nb3 Bg4+ 21. f3
Bh5 22. g4 Bg6 23. Nd2 Nd7 24. f4 O-O 25. f5 Ne5 26. fxg6 fxg6 27. Nb3 Nf3 28.
Rgf1 Ne5 29. Rg1 Rf7 30. Raf1 Raf8 31. Nxa5 h5 32. Kd2 Nf3+ 0-1

[Event "AUTO-BEG-339"]
[Site "http://www.queenalice.com/game.php?id=649439"]
[Date "2009.9.8"]
[Round "1"]
[White "kleberchagas"]
[Black "fagmontes"]
[Result "1-0"]
[WhiteElo "1277"]
[BlackElo "1482"]

1. Na3 e5 2. Nc4 Nc6 3. e3 f5 4. Nf3 e4 5. Nfe5 d5 6. Na3 Nxe5 7. c3 Bxa3 8.
bxa3 Nf6 9. Qh5+ Ng6 10. Qe2 O-O 11. c4 Be6 12. cxd5 Nxd5 13. Qb5 b6 14. Qc6 Qe7
15. Bb2 Qd6 16. Qc2 Rad8 17. Bc4 f4 18. Qxe4 Rde8 19. Qd4 Nf6 20. h4 c5 21. Qxd6
Bxc4 22. Rc1 Bxa2 23. h5 Ne7 24. h6 g6 25. Bxf6 Nf5 26. Qc7 Rxf6 27. e4 Rxe4+
28. Kd1 Bb3+ 29. Rc2 Bxc2+ 30. Kxc2 Rf7 31. Qc8+ Rf8 32. Qd7 Re7 33. Qd5+ Rff7
34. g4 Nd4+ 35. Kb2 Re2 36. Qd8+ Rf8 37. Qd7 Ne6 38. Rd1 Nd4 39. Qg7# 1-0

[Event "AUTO-BEG-339"]
[Site "http://www.queenalice.com/game.php?id=649446"]
[Date "2009.9.8"]
[Round "1"]
[White "lehman"]
[Black "kleberchagas"]
[Result "1-0"]
[WhiteElo "1464"]
[BlackElo "1226"]

1. e4 Nf6 2. e5 Ne4 3. d4 e6 4. Nf3 c5 5. Bd3 Nxf2 6. Kxf2 Be7 7. Rf1 cxd4 8.
Kg1 Nc6 9. c3 dxc3 10. Nxc3 Bc5+ 11. Kh1 d6 12. exd6 Qxd6 13. Ne4 Qd5 14. Qc2
Nd4 15. Qxc5 Qxc5 16. Nxc5 O-O 17. Nxd4 Rd8 18. Be3 b6 19. Ncxe6 fxe6 20. Rad1
a5 21. Bc4 Bb7 22. Nxe6 Re8 23. Nc7+ Kh8 24. Nxe8 Rxe8 25. Bxb6 h6 26. Rf7 Ba8
27. Rdf1 h5 28. Rf8+ Rxf8 29. Rxf8+ Kh7 30. Bd3+ Kh6 31. h4 g6 32. Be3+ Kg7 33.
Rxa8 a4 34. Ra6 a3 35. b4 g5 36. hxg5 Kf7 37. g6+ Kg7 38. Bd4+ Kg8 39. Bc4+ Kf8
40. Ra7 Ke8 41. g7 Kd8 42. g8=R# 1-0

[Event "AUTO-OPEN-1689"]
[Site "http://www.queenalice.com/game.php?id=651518"]
[Date "2009.9.13"]
[Round "1"]
[White "Jomaley"]
[Black "kleberchagas"]
[Result "1-0"]
[WhiteElo "1262"]
[BlackElo "1364"]

1. e4 e5 2. Nf3 d6 3. Bb5+ c6 4. Bd3 Bg4 5. c4 Bxf3 6. Qxf3 Nh6 7. h3 Na6 8. a3
Nc5 9. Nc3 Nb3 10. O-O Nxa1 11. b4 Nb3 12. b5 cxb5 13. cxb5 Nd4 14. Qg3 d5 15.
Qxe5+ Ne6 16. exd5 Qd6 17. Qe4 Qf4 18. dxe6 Bd6 19. Qxf4 Bxf4 20. exf7+ Nxf7 21.
Re1+ Kd8 22. Re4 Be5 23. Na4 Rc8 24. Bb2 Bxb2 25. Nxb2 Ng5 26. Rg4 h6 27. f4
Rc1+ 28. Kh2 Ne6 29. Na4 Rf8 30. f5 Ng5 31. b6 axb6 32. Nxb6 Rd1 33. h4 Rxd2 34.
hxg5 hxg5 35. Rxg5 Rh8+ 36. Kg1 Rxd3 37. a4 Rd1+ 38. Kf2 Re8 39. Rxg7 Rb1 40.
Nd5 Rb2+ 41. Kg1 Re1+ 42. Kh2 Rf1 43. f6 Rd2 44. Rg8+ Kd7 45. Nb6+ Kc6 46. Nc4
Rdf2 47. Rg6 Rxf6 48. Rg5 R6f5 49. Rxf5 Rxf5 50. g4 Rf4 51. Ne5+ Kb6 52. g5 Rf5
53. Nd7+ Ka5 54. g6 Rg5 55. Nf8 Kxa4 56. Kh3 b5 57. Kh4 Rg1 58. Kh5 b4 59. Kh6
b3 60. g7 b2 61. Ng6 b1=Q 62. g8=Q Rh1+ 63. Kg7 Qb2+ 64. Kf8 Qf6+ 65. Qf7 Qd6+
66. Kg7 Qd4+ 67. Kg8 Rg1 68. Kh7 Qd3 69. Qa7+ Kb3 70. Qxg1 Qh3+ 71. Kg7 1-0

[Event "AUTO-OPEN-1689"]
[Site "http://www.queenalice.com/game.php?id=651519"]
[Date "2009.9.13"]
[Round "1"]
[White "kleberchagas"]
[Black "Jomaley"]
[Result "1-0"]
[WhiteElo "1288"]
[BlackElo "1348"]

1. Nh3 f6 2. e3 e5 3. c3 c5 4. b3 Nc6 5. Bb5 a6 6. Bxc6 bxc6 7. Qf3 Nh6 8. d4
cxd4 9. cxd4 Bd6 10. Qh5+ Kf8 11. e4 exd4 12. Bxh6 Bb4+ 13. Bd2 Bd6 14. Nf4 Bxf4
15. Bxf4 Qe7 16. O-O Qxe4 17. Bd6+ Qe7 18. Bxe7+ Kxe7 19. Re1+ Kd8 20. Qf7 h5
21. Qe7+ Kc7 22. Qxg7 Bb7 23. Re7 Rhd8 24. Qxf6 a5 25. Qe5+ Kc8 26. Na3 a4 27.
Nc4 Ba6 28. Nb6+ Kb7 29. Nxa8 Kxa8 30. Qc7 Rb8 31. Rxd7 Rb7 32. Qxc6 Kb8 33.
Rd8+ Ka7 34. Qc5+ Rb6 35. Rd7+ Bb7 36. Qa5+ Ra6 37. Qc7 Rb6 38. Rxd4 a3 39. Ra4+
Ra6 40. Rb4 Rb6 41. Qxb6+ Kb8 42. Qxb7# 1-0

[Event "AUTO-OPEN-1689"]
[Site "http://www.queenalice.com/game.php?id=651538"]
[Date "2009.9.13"]
[Round "1"]
[White "Fariajj"]
[Black "kleberchagas"]
[Result "1-0"]
[WhiteElo "1779"]
[BlackElo "1256"]

1. d4 d5 2. Nf3 Bg4 3. e3 Bxf3 4. Qxf3 e6 5. c4 Bb4+ 6. Nc3 Nf6 7. a3 Bxc3+ 8.
bxc3 Qd7 9. cxd5 Nxd5 10. e4 Nb6 11. Bd3 Na4 12. O-O Nxc3 13. Bd2 Na4 14. d5
exd5 15. exd5 O-O 16. Qg3 Qxd5 17. Qh3 Rd8 18. Qxh7+ Kf8 19. Qh8+ Ke7 20. Bg5+
Qxg5 21. Rfe1+ Kf6 22. Qxd8# 1-0

[Event "AUTO-OPEN-1689"]
[Site "http://www.queenalice.com/game.php?id=651539"]
[Date "2009.9.13"]
[Round "1"]
[White "kleberchagas"]
[Black "Fariajj"]
[Result "0-1"]
[WhiteElo "1279"]
[BlackElo "1764"]

1. Nh3 d5 2. e3 Nf6 3. Nf4 e5 4. Nd3 Nc6 5. c3 Be7 6. f4 e4 7. Ne5 Nxe5 8. fxe5
Ng4 9. Na3 Bg5 10. Qa4+ c6 11. Be2 O-O 12. d3 Bxe3 13. Bxg4 Qg5 14. Bxc8 Raxc8
15. Qd1 Bxc1 16. Rxc1 Qxg2 17. Rf1 Qxh2 18. Qg4 Qxb2 19. Rd1 Qxc3+ 20. Rd2 g6
21. Rh1 Qc1+ 22. Rd1 Qe3+ 23. Qe2 Qg3+ 24. Qf2 Qxe5 25. Qh4 exd3+ 26. Kd2 Qb2+
27. Kxd3 Qxa3+ 28. Ke2 Rce8+ 29. Kf1 Qf3+ 30. Kg1 Qxd1+ 31. Kg2 Re2+ 32. Kg3
Qd3+ 33. Kg4 Re4+ 0-1

[Event "Challenge"]
[Site "http://www.queenalice.com/game.php?id=687067"]
[Date "2009.11.22"]
[Round "-"]
[White "kleberchagas"]
[Black "FENIX_RJ"]
[Result "0-1"]
[WhiteElo "1306"]
[BlackElo "1475"]

1. Nh3 e5 2. e3 Nf6 3. Qf3 c6 4. Nc3 Na6 5. Na4 Nb4 6. Bd3 d5 7. a3 e4 8. Qe2
exd3 9. cxd3 Nc2+ 10. Kd1 Nxa1 11. Ng5 Ng4 12. Qf3 Qxg5 0-1

[Event "AUTO-BEG-339"]
[Site "http://www.queenalice.com/game.php?id=696959"]
[Date "2009.12.12"]
[Round "2"]
[White "carlosjvega"]
[Black "kleberchagas"]
[Result "1-0"]
[WhiteElo "1830"]
[BlackElo "1326"]

1. e4 e5 2. Nf3 Qe7 3. c4 Nh6 4. d4 Nc6 5. d5 Nb4 6. Nc3 Qc5 7. Be3 Qa5 8. Nxe5
d6 9. Nd3 g5 10. Bxg5 Ng4 11. Be2 Ne5 12. Nxe5 dxe5 13. Bf6 Rg8 14. g3 Rg4 15.
Bxg4 Bd7 16. Bxd7+ Kxd7 17. Qg4+ Kd6 18. Nb5+ Kc5 19. O-O Nc2 20. Rac1 Nd4 21.
a3 Qd2 22. b4+ Kb6 23. Nxd4 exd4 24. Qd7 a6 25. c5+ Ka7 26. Qxc7 a5 27. Qb6+ Kb8
28. Be5+ Kc8 29. Qc7# 1-0

[Event "AUTO-BEG-339"]
[Site "http://www.queenalice.com/game.php?id=696960"]
[Date "2009.12.12"]
[Round "2"]
[White "kleberchagas"]
[Black "carlosjvega"]
[Result "0-1"]
[WhiteElo "1324"]
[BlackElo "1832"]

1. Nh3 e5 2. e4 Nc6 3. Nc3 Nf6 4. d3 d5 5. exd5 Nxd5 6. Ng5 Nxc3 7. bxc3 Be7 8.
Qh5 Bxg5 9. Bxg5 Qd6 10. d4 exd4 11. Rd1 Qe6+ 12. Be2 O-O 13. Qg4 Qxg4 14. Bxg4
Bxg4 15. Rd3 Rfe8+ 16. Kd2 Re2+ 17. Kc1 Rae8 18. cxd4 Nb4 19. Rb3 Rxc2+ 20. Kb1
Bf5 21. Rxb4 Rc4+ 22. Kb2 Rxb4+ 23. Kc3 Rb1 24. Rxb1 Bxb1 25. f4 Bxa2 26. f5 Re2
27. Kd3 Rxg2 0-1

[Event "AUTO-BEG-339"]
[Site "http://www.queenalice.com/game.php?id=696967"]
[Date "2009.12.12"]
[Round "2"]
[White "kleberchagas"]
[Black "higorgomes"]
[Result "1-0"]
[WhiteElo "1351"]
[BlackElo "1354"]

1. d4 d5 2. Qd3 c6 3. Bf4 Na6 4. Nc3 Nb4 5. Qd2 Nf6 6. a3 Na6 7. Nf3 Nh5 8. Ne5
f6 9. Nf3 c5 10. Qe3 g5 11. Bd6 Bf5 12. Nxd5 Qxd6 13. dxc5 Qxd5 14. Rd1 Qa2 15.
Qd2 Kf7 16. Qd5+ Be6 17. Qxb7 Bg7 18. Qxa6 Qxb2 19. Nd4 Bc8 20. Qc6 Qxa3 21.
Qxa8 Ba6 22. Qd5+ Ke8 23. Nf5 Bf8 24. Qd8+ Kf7 25. Qd4 e5 26. Qd7+ Kg6 27. g4
Nf4 28. e3 Bxf1 29. Rxf1 Ng2+ 30. Ke2 h5 31. Ra1 Qxc5 32. Rxa7 e4 33. Qf7# 1-0

[Event "AUTO-BEG-339"]
[Site "http://www.queenalice.com/game.php?id=696968"]
[Date "2009.12.12"]
[Round "2"]
[White "higorgomes"]
[Black "kleberchagas"]
[Result "0-1"]
[WhiteElo "1338"]
[BlackElo "1367"]

1. e4 e5 2. Nf3 d6 3. Nc3 Bg4 4. h3 Bxf3 5. Qxf3 Nf6 6. Bc4 Nc6 7. g4 Nd4 8. Qg2
Nxc2+ 9. Ke2 Nxa1 10. Kd1 d5 11. Bxd5 c6 12. Bc4 Qd4 13. Be2 b5 14. a4 bxa4 15.
d3 Bb4 16. Nxa4 c5 17. g5 Nd7 18. Bd2 Rb8 19. Bg4 Nb6 20. Nc3 Nb3 21. Be3 Qxd3+
22. Ke1 Rd8 23. f4 Qxe3+ 24. Be2 Nc1 25. Qf3 Qd2+ 26. Kf2 Qxb2 27. Nb5 Rd3 28.
Qg2 Qxe2+ 29. Kg1 Qe3+ 30. Kh2 Qxf4+ 31. Kg1 Rd1+ 0-1

[Event "Challenge"]
[Site "http://www.queenalice.com/game.php?id=705654"]
[Date "2009.12.30"]
[Round "-"]
[White "Ekaw"]
[Black "kleberchagas"]
[Result "1-0"]
[WhiteElo "1362"]
[BlackElo "1382"]

1. e4 Na6 2. Nf3 b6 3. Bc4 e6 4. d3 Bc5 5. O-O Nf6 6. d4 Be7 7. e5 Ng4 8. h3 Nh6
9. Bxh6 gxh6 10. Nfd2 Rg8 11. Qh5 Bb4 12. a3 Bxd2 13. Nxd2 Rg5 14. Qxh6 Bb7 15.
f3 Rg3 16. Qxh7 Qg5 17. Rf2 c5 18. Ne4 Bxe4 19. fxe4 Qg6 20. Qxg6 fxg6 21. Bxa6
cxd4 22. Raf1 Ke7 23. Rf7+ 1-0

[Event "Challenge_01"]
[Site "http://www.queenalice.com/game.php?id=711376"]
[Date "2010.1.10"]
[Round "-"]
[White "The_Match"]
[Black "kleberchagas"]
[Result "1/2-1/2"]
[WhiteElo "1263"]
[BlackElo "1355"]

1. d4 Nc6 2. c3 d5 3. b4 a5 4. b5 Na7 5. Qb3 Bf5 6. Nd2 Qd7 7. g3 Nf6 8. f3 Nxb5
9. Bb2 c6 10. c4 Nd6 11. Bg2 Qe6 12. f4 dxc4 13. Qc3 Ng4 14. h3 Ne3 15. Bf1 Qd5
16. Ngf3 Nc2+ 17. Kd1 Nxa1 18. Bxa1 Ne4 19. Nxe4 Qxe4 20. g4 Qb1+ 21. Kd2 Qxa2+
22. Qb2 Qb3 23. Qxb3 cxb3 24. Ne5 Bc2 25. f5 a4 26. e4 a3 27. Bc3 a2 28. Bg2 Bb1
29. g5 a1=Q 30. Bxa1 Rxa1 31. Bf3 b2 32. g6 hxg6 33. fxg6 Ba2 34. d5 fxg6 35.
Nxg6 Rxh3 36. Rxh3 b1=Q 37. Ke3 Qg1+ 38. Kf4 Qxg6 39. Bh5 Rf1+ 40. Rf3 Rxf3+ 41.
Kxf3 Qxh5+ 42. Ke3 c5 43. Kf4 g5+ 44. Kf5 g4+ 45. Ke6 g3 46. e5 g2 1/2-1/2

[Event "Challenge"]
[Site "http://www.queenalice.com/game.php?id=718335"]
[Date "2010.1.22"]
[Round "-"]
[White "babycrocket"]
[Black "kleberchagas"]
[Result "1-0"]
[WhiteElo "1663"]
[BlackElo "1372"]

1. e4 Nc6 2. d3 e5 3. c3 Nf6 4. h3 b5 5. a3 Bb7 6. Nf3 Bc5 7. Be2 a5 8. Nbd2 b4
9. Nf1 Qb8 10. Ng3 Qa7 11. O-O h6 12. Bd2 g5 13. Nh2 Ne7 14. Nh5 Nxh5 15. Bxh5
d5 16. Qe2 Rd8 17. Ng4 bxc3 18. bxc3 Qa6 19. Nxe5 Ng6 20. exd5 Rxd5 21. Nxg6+
1-0